| 000 | 00855nam a2200205Ii 4500 | ||
|---|---|---|---|
| 003 | JO-AjNU | ||
| 008 | 230605s9999||||xx |||||||||||||| ||und|| | ||
| 017 | _a2010/1/201 | ||
| 040 |
_aJO-AjNU _bara _erda _cJO-AjNU |
||
| 041 | _aara | ||
| 050 | 1 | 4 | _aT58.5.M883 2010 |
| 100 | 3 |
_aالطعاني ، احمد /انور البطيخي , _eauthor _931772 |
|
| 245 | 0 | 0 | _aتكنولوجيا المعلومات :وقائع المؤتمر الرابع للبحث العلمي في الاردن (الاوراق العلمية المحكمة ) |
| 264 | 3 | 1 | _aعمان : الجمعية الاردنية للبحث العلمي ، 2010 |
| 300 | _a183ص | ||
| 336 |
_atext _btxt _2rdacontent |
||
| 337 |
_aunmediated _bn _2rdamedia |
||
| 338 |
_avolume _bnc _2rdacarrier |
||
| 650 | 4 |
_a تكنولوجيا المعلومات -- الأردن -- مؤتمرات _931773 |
|
| 999 |
_aA12746 _c16314 _d16314 |
||